00615nam a22001817a 450000500170000001000150001702000250003203500130005703700130007008200150008324501340009826000450023227000570027730000240033450000400035870000170039870000180041520151119153350.0 aENG-114232 a978186772546c795.00 aEN-97764 bDBAD/PUB a379.260954 aRight to education :cedited by Chandan Roy [and] Jiten Barmanban accelerated of social tranformation and economic development / aNew DelhibNew Academic Publishersc2013 a4760-61/23, Ansari Road DaryaganjbNew Delhie110002 axvi,175p.c22cm(Hb) aIncludes bibliographical references aRoy, Chandan aBarman, Jiten